The Political and institutional effects of term limits (Record no. 187897)
[ view plain ]
| 000 -LEADER | |
|---|---|
| fixed length control field | 02009nam a2200337Ia 4500 |
| 082 04 - DEWEY DECIMAL CLASSIFICATION NUMBER | |
| Classification number | 328.774/073 |
| 245 04 - TITLE STATEMENT | |
| Title | The Political and institutional effects of term limits |
| 260 ## - PUBLICATION, DISTRIBUTION, ETC. (IMPRINT) | |
| Place of publication | New York : |
| Name of publisher | Palgrave Macmillan, |
| Year of publication | c2004. |
| 300 ## - PHYSICAL DESCRIPTION | |
| Number of Pages | xii, 241 p. : |
| Other physical details | ill. |
| 505 0# - FORMATTED CONTENTS NOTE | |
| Formatted contents note | 1. Electoral competition and incumbency advantages -- 2. Funding campaigns in a term-limited house -- 3. The interest group connection : money, access, and support -- 4. The new breed of term-limited state legislators -- 5. Career paths of term-limited state legislators -- 6. Home style under term limits : responding to constituents -- 7. Networking in the House : winning friends and influencing people -- 8. Conflict, compromise, and partisanship : committees under term limits -- 9. Deciding how to vote : sources legislators rely on -- 10. Checks and balances : intragovernmental relationships and outside influences -- 11. Conclusions : term limits' report card. |
| 650 #0 - SUBJECT ADDED ENTRY--TOPICAL TERM | |
| Topical Term | Term limits (Public office) |
| Topical Term | Legislators |
| 700 1# - ADDED ENTRY--PERSONAL NAME | |
| Personal name | Sarbaugh-Thompson, Marjorie, |
| 856 40 - ELECTRONIC LOCATION AND ACCESS | |
| Uniform Resource Identifier | http://site.ebrary.com/lib/rucke/Doc?id=10135520 |
No items available.
